<?xml version="1.0" encoding="UTF-8"?>
<record
    xmlns:xsi="http://www.w3.org/2001/XMLSchema-instance"
    xsi:schemaLocation="http://www.loc.gov/MARC21/slim http://www.loc.gov/standards/marcxml/schema/MARC21slim.xsd"
    xmlns="http://www.loc.gov/MARC21/slim">

  <leader>00524    a2200133   4500</leader>
  <controlfield tag="001">ART_58866</controlfield>
  <controlfield tag="005">20260410161830.0</controlfield>
  <controlfield tag="008">260409a                                 </controlfield>
  <datafield tag="245" ind1="1" ind2="0">
    <subfield code="a">Impacto de la implementaci&#xF3;n de un servicio de atenci&#xF3;n de emergencias sobre las muertes por accidentes de tr&#xE1;nsito: el caso same en la provincia de Buenos Aires</subfield>
  </datafield>
  <datafield tag="100" ind1="1" ind2=" ">
    <subfield code="a">Benzaqu&#xE9;n, Ivana</subfield>
  </datafield>
  <datafield tag="700" ind1="1" ind2=" ">
    <subfield code="a">Epele, Nicol&#xE1;s</subfield>
  </datafield>
  <datafield tag="700" ind1="1" ind2=" ">
    <subfield code="a">Marchionni, Mariana</subfield>
  </datafield>
  <datafield tag="773" ind1="0" ind2=" ">
    <subfield code="t">Estudios Econ&#xF3;micos</subfield>
    <subfield code="g">- Vol. 40, N&#xBA; 80 (ene./jun. 2023)</subfield>
    <subfield code="w">REV5080</subfield>
  </datafield>
  <datafield tag="999" ind1=" " ind2=" ">
    <subfield code="c">23129</subfield>
    <subfield code="d">23129</subfield>
  </datafield>
</record>
